000 005120000a22001810004500
003 MACL
005 20160413131824.0
008 160413b xxu||||| |||| 00| 0 eng d
040 _aMACL
_cMACL
041 _aHindi
082 _a800
100 _aए अरविन्‍दाक्षन
_952170
245 _aरचना के विकल्‍प
260 _bशिल्‍पायन
_c2008
_aदिल्‍ली
350 _a125
650 _aLiteracture
_952171
942 _cHIN
_k800/ARV
_2ddc
999 _c41648
_d41648